MARC

LEADER 00000nam^a2200000^a^4500
001 000188725
005 20250521000000.0
009 20260310102349.895
020 |a 0-312-32011-6 
037 |a Acervo ITESO - Biblioteca 
041 |a ING 
082 |a 658. 4062  |b DRU 
100 |a Drucker, Peter F.  |e (autor) 
240 1 4 |a [La gerencia en la sociedad futura] 
245 1 0 |a Managing in the Next Society /  |c P.F. Drucker. 
264 4 |a Nueva York, EUA :  |b Truman Talley :  |b St. Martin’s Griffin,  |c 2002, c2002 
300 |a XIII, 321 p. 
336 |a texto  |b txt  |2 rdacontenido 
337 |a sin mediación  |b n  |2 rdamedio 
338 |a volumen  |b nc  |2 rdasoporte 
649 |a XX 
650 |a Emprendedores (Empresarios) 
650 |a Gerentes y Jefes 
650 |a Empresa y Sociedad 
650 |a Información -  |x Administración 
650 |a Conocimiento -  |x Administración 
650 |a Globalización 
650 |a Nuevo Orden Mundial 
650 |a Internet -  |x Aspectos Económicos 
650 |a Internet -  |x Aspectos Sociales y Culturales 
650 |a Tecnologías de Comunicación e Información -  |x Aspectos Económicos -  |x Tema Principal 
650 |a Cambios Sociales y Culturales -  |x Tema Principal 
650 |a Desarrollo Tecnológico 
650 |a Innovación Administrativa 
650 |a Cambio Organizacional -  |x Tema Principal 
650 |a Desarrollo Organizacional 
650 |a Recursos Humanos 
650 |a Proceso Administrativo -  |x Dirección 
650 |a Administración 
650 |a Economía Internacional 
650 |a Ciencias Administrativas 
910 |a Fondo General 
920 |a Impresos - Libros 
930 |a Colección General 
905 |a 101 
901 |a 0500131269  |b IT1  |c ACC  |u 20250521 
901 |a 0500131272  |b IT1  |c ACC  |u 20250521 
902 |a https://opac.biblio.iteso.mx/vufind/Record/000188725